Catálogo

DIARIO DE LA INDEPENDENCIA 1810-1821 (Registro nro. 56653)

Detalles MARC
000 -LEADER
fixed length control field 00984nam a2200205 a 4500
001 - CONTROL NUMBER
control field 56653
005 - DATE AND TIME OF LATEST TRANSACTION
control field 20180714052521.0
008 - FIXED-LENGTH DATA ELEMENTS--GENERAL INFORMATION
fixed length control field 140415s2010 mx 000 0 spa d
020 ## - INTERNATIONAL STANDARD BOOK NUMBER
International Standard Book Number 9786079062002
041 ## - LANGUAGE CODE
Language code of text/sound track or separate title spa
082 ## - DEWEY DECIMAL CLASSIFICATION NUMBER
Classification number 972.03
Item number AVI
245 00 - TITLE STATEMENT
Title DIARIO DE LA INDEPENDENCIA 1810-1821
250 ## - EDITION STATEMENT
Edition statement 1a ed.
260 ## - PUBLICATION, DISTRIBUTION, ETC.
Place of publication, distribution, etc. MEXICO :
Name of publisher, distributor, etc. CLUB PROMOCIONAL DEL LIBRO, S.A. DE C.V.,
Date of publication, distribution, etc. 2010
300 ## - PHYSICAL DESCRIPTION
Extent 503
Dimensions 27 x 1.9 x 38.2
500 ## - GENERAL NOTE
General note AVILA, JESUS ES COORDINADOR DE LA OBRA
520 ## - SUMMARY, ETC.
Summary, etc. EL DIARIO DE LA INDEPENDENCIA FUE CONCEBIDO PARA BRINDAR UN NUEVO ACERCAMIENTO A LA HISTORIA DE NUESTRO PAIS DE UNA FORMA NOVEDOSA Y AMENA. EL ESPIRITU DE ESTA ORIGINAL PROPUESTA EDITORIAL CONSISTE EN TRANSLADAR A LOS LECTORES DE HOY EN UN EMOCIONANTE VIAJE EN EL TIEMPO MIENTRAS RECORREN LAS PAGINAS DE PERIODICOS ANTIGUOS
650 14 - SUBJECT ADDED ENTRY--TOPICAL TERM
Topical term or geographic name entry element MEXICO
General subdivision HISTORIA
-- GUERRA DE INDEPENDENCIA, 1810
-- 1821
-- MEXICO
-- POLITICA Y GOBIERNO, 1810
-- 1821
700 1# - ADDED ENTRY--PERSONAL NAME
Personal name AVILA, JESUS
Relator term coaut.
Existencias
Withdrawn status Lost status Source of classification or shelving scheme Damaged status Not for loan Collection code Home library Current library Shelving location Date acquired Source of acquisition Inventory number Total Checkouts Full call number Barcode Date last seen Price effective from Koha item type
    Dewey Decimal Classification     General Biblioteca Karol Wojtyla Biblioteca Karol Wojtyla Sala general 03/12/2013 Compra 151000000000000000072401   972.03 AVI 85575 05/01/2026 03/12/2013 Reserva permanente